00466nam a2200133Ia 4500008004100000100001900041245008400060245003900144260005300183260000900236300001100245650001500256856006100271170221s9999 xx 000 0 und d aAnna P. Rabets aDamage Done by Animals: Legal Qualification under Russian Law, Risk Management  cAnna P. Rabets, Tatiana Yu. Kareva bInternational Review of Management and Marketing c2016 a6 : 6S xMarketing. uhttp://www.econjournals.com/index.php/irmm/issue/view/86